000 00531nmm a2200169Ia 4500
008 251105s9999||||xx |||||||||||||||||und||
020 _a9788416922345
041 _aspa
100 _aMarrero-Fente, Raúl
245 0 _aPoesía épica colonial del siglo XVI :
_b Historia, teoría y práctica
264 _a[Madrid, España] :
_bIberoamericana Vervuert,
_c2017
300 _a284 páginas
490 _aBiblioteca Indiana
650 _aLiterary History
856 _uhttps://public.digitaliapublishing.com/a/57252
942 _cCF
999 _c78104
_d78104